Les villes dans les chansons - Statistiques

Statistiques générales
  • Ce quiz a été pris 149 fois
  • Le résultat moyen est 23 sur 75
Statistiques - réponses
Interprète Chanson % Correct
Téléphone {New York} avec toi
83%
Julien Clerc Elle voulait qu'on l'appelle {Venise}
81%
Sheila et Ringo Les gondoles à {Venise}
81%
Renaud Axelle Red Manhattan-{Kaboul}
76%
Etienne Daho Week-end à {Rome}
75%
François Feldam Les valses de {Vienne}
71%
Sacha Distel L'incendie à {Rio}
67%
Dario Moreno Si tu vas à {Rio}
67%
Hervé Vilard {Capri} c'est fini
66%
Serge Gainsbourg Le poinçonneur des {Lilas}
65%
Nana Mouskouri Les parapluies de {Cherbourg}
62%
Eddy Mitchell Sur la route de {Memphis}
62%
Claude Nougaro Ô {Toulouse}
60%
Luis Mariano La belle de {Cadix}
59%
Jacques Brel A{Amsterdam}
55%
Jacques Brel B{Bruxelles}
54%
Dalida Il pleut sur B{Bruxelles}
54%
Brigitte Bardot Douliou Douliou {Saint-Tropez}
48%
Robert Charlebois Je reviendrai à M{Montréal}
46%
Philippe Katerine {Louxor}, j'adore
45%
Maxime Le Forestier S{San Francisco}
45%
Jacques Brel V{Vesoul}
45%
Luis Mariano M{Mexico}
44%
Dick Rivers {Nice}, baie des anges
43%
Mylène Farmer Dans les rues de {Londres}
39%
Germaine Montero La fille de {Londres}
39%
Jacques Brel Les remparts de {Varsovie}
39%
Kamini M{Marly-Gomont}
39%
La compagnie créole Bon baisers de {Fort-de-France}
37%
Isabelle Aubret Les amants de V{Vérone}
37%
France Gall {Hong Kong} star
36%
Pierre Perrin Un clair de lune à {Maubeuge}
36%
Jane Birkin Baby alone in {Babylone}
33%
Jean-Jacques Goldman Né en 17 à {Leidenstadt}
31%
Mélina Mercouri A{Athènes} ma ville
30%
Tina Arena Je m'appelle {Bagdad}
29%
Enrico Macias Noël à {Jérusalem}
28%
Rika Zaraï Un mur à {Jérusalem}
28%
Tino Rossi A{Ajaccio}
23%
Henri Salvador S{Syracuse}
23%
Les Inconnus A{Auteuil Neuilly Passy}
22%
Barbara G{Gottingen}
21%
Claude Barzotti Il a neigé sur E{Edimbourg}
21%
Zazie W{Waterloo}
21%
Charles Aznavour Les galets d'E{tretat}
18%
Gilbert Bécaud Dimanche à {Orly}
17%
Le grand orchestre du Splendid M{Macao}
16%
Jacques Brel O{Orly}
14%
Eddy Mitchell {Nashville} ou {Belleville}
13%
Vincent Delerm {Deauville} sans Trintignant
12%
Jacques Brel Il neige sur L{Liège}
12%
Vincent Delerm Gare de {Milan}
11%
Bernard Lavilliers S{Saint-Etienne}
11%
Serge Lama Au Chili comme à {Prague}
10%
Vanessa Paradis K{Kiev}
10%
Alain Souchon C{Casablanca}
9%
Tino Rossi {Naples} au baiser de feu
8%
Hubert-Félix Thiéfaine Un automne à T{Tanger}
8%
Juliette Gréco Miracle à S{Séville}
7%
Tino Rossi Les roses blanches de {Corfou}
6%
Barbara M{Marienbad}
6%
Enrique Iglesias Déménager à M{Miami}
5%
Bernard Lavilliers Le piéton de B{Buenos Aires}
5%
Julien Doré P{Porto-Vecchio}
5%
Alain Chamfort T{Tombouctou}
5%
Michel Sardou V{Verdun}
5%
Michel Sardou 8 jours à E{El Paso}
4%
Georges Moustaki A{Alexandrie}
4%
Bourvil A {Joinville-le-Pont}
2%
Zazie P{Pise}
2%
Dalida Bienvenue au {Lavandou}
1%
Charles Trenet {Narbonne} mon ami
1%
Barbara De S{Shangaï) à B{Bangkok}
0%
Juliette M{Mayerling}
0%
Mistinguett V{Valencia}
0%
Aucun quiz correspondant
Distribution des résultats
% des personnes avec chaque résultat
Percentile par nombre de réponses
Votre historique - résultats
Vous n’avez pas pris ce quiz